Problemáticas de género en el Derecho del Trabajo.
Guardat en:
| Autor principal: | |
|---|---|
| Format: | Desconegut |
| Idioma: | anglès |
| Publicat: |
Santiago, Chile:
DER Ediciones,
2024.
|
| Edició: | Primera edición. |
| Col·lecció: | Coediciones.
|
| Matèries: | |
| Etiquetes: |
Afegir etiqueta
Sense etiquetes, Sigues el primer a etiquetar aquest registre!
|
MARC
| LEADER | 00000 a2200000 4500 | ||
|---|---|---|---|
| 003 | CL-VaPUC | ||
| 005 | 20241015145620.0 | ||
| 008 | 241001t2024 ||||| |||| 00| 0 eng d | ||
| 999 | |c 444932 |d 444930 | ||
| 020 | |a 978-956-405-195-6 | ||
| 040 | |c Pontificia Universidad Católica de Valparaíso | ||
| 082 | |2 22 |a 344.8301133 VAR 2024 | ||
| 100 | |a Varas Marchant, Karla |9 891855 |e coordinadora | ||
| 245 | |a Problemáticas de género en el Derecho del Trabajo. | ||
| 250 | |a Primera edición. | ||
| 260 | |a Santiago, Chile: |b DER Ediciones, |c 2024. | ||
| 300 | |a 201 páginas. | ||
| 490 | |a Coediciones. | ||
| 505 | |a GÉNERO Y DERECHO DEL TRABAJO /María Amparo Ballester Pastor GÉNERO Y TRABAJO /Daniela Marzi Muñoz LAS CLÁUSULAS DE GÉNERO NEUTRO /Pamela Martínez Martínez HOMESEXUALIDAD, PATERNIDAD Y CUIDADOS. ANÁLISIS DE LAS NORMAS SOBRE PATERNIDAD Y VIDA FAMILIAR DEL CÓDIGO DEL TRABAJO /Paulina Alvarado Barrientos DE LA CONCILIACIÓN A LA CORRESPONSABILIDAD /Karla Varas Marchant CORRESPONSABILIDAD PARENTAL Y TRABAJO DOMÉSTICO NO REMUNERADO EN TIEMPOS DE PANDEMIA POR COVID-19 /Caterina Guidi Moggia PERMISOS PATERNALES COMO ACCIÓN POSITIVA A REGULAR EN CHILE PARA PROMOVER LA RECUPERACIÓN DE LA IGUALDAD DE GÉNERO TRAS EL COVID-19 /Beatriz del Pilar Llanos Berrocal PROBLEMÁTICAS PROCESALES EN CASOS DE VIOLENCIA LABORAL Y ENFERMEDADES PROFESIONALES ASOCIADAS/ Lucía Planet Sepúlveda ACOSO EN RAZÓN DE GÉNERO EN LA INDUSTRIA DE LOS VIDEOJUEGOS: CASO “ACTIVISION BLIZZARD” /Dagmar Salazar Mesa LA PROBLEMÁTICA JURÍDICA PARA EL RECONOCIMIENTO DEL TRABAJO SEXUAL /Catalina Antonia Ortiz Astorga UN ESCENARIO DE DESPROTECCIÓN LABORAL: DISCUSIONES DOCTRINARIAS Y PROBLEMAS DE APLICACIÓN DE LA LEY N* 20.005 EN LOS TRABAJADORES DE ARTES Y ESPECTÁCULOS /Camila Alma Silva Contreras DIÁLOGO SOCIAL E IGUALDAD DE GÉNERO EN CHILE: OPORTUNIDADES Y DESAFÍOS /Felipe Merino Valenzuela ANÁLISIS DE LA COMPATIBILIDAD DE ARTÍCULOS 231 Y 330 DEL CODIGO DEL TRABAJO A LA LUZ DE LA LIBERTAD SINDICAL /Alejandra Villegas Suárez PRECARIZACIÓN DEL EMPLEO FEMENINO EN LA CONTRATACIÓN DE SERVICIOS TRANSITORIOS /Lissette Sereño Epuyao | ||
| 583 | |k Yessy Díaz Vidal |c 20241001 | ||
| 650 | 0 | |9 856448 |a Derecho del trabajo |x Desigualdad de género |z Chile | |
| 650 | 0 | |9 335971 |a Relaciones laborales |x Hombres y mujeres |v Código del trabajo |z Chile | |
| 650 | 0 | |9 546896 |a Igualdad de género |x Trabajadores |v Jurisdicción |z Chile | |
| 942 | |2 ddc |c BK | ||
| 952 | |0 0 |1 0 |2 ddc |4 0 |6 344_830113300000000_VAR_2024 |7 0 |8 A |9 597085 |a BIBDER |b BIBDER |d 2024-09-30 |e 22 |g 28998.00 |i 5662874 |l 4 |o 344.8301133 VAR 2024 |p 5662874 |r 2025-04-04 |s 2025-03-28 |t 1 |v 28998.00 |w 2024-09-30 |y BK |k DER | ||
| 952 | |0 0 |1 0 |2 ddc |4 0 |6 344_830113300000000_VAR_2024 |7 0 |8 A |9 597086 |a BIBDER |b BIBDER |d 2024-09-30 |e 22 |g 28998.00 |i 5662875 |l 1 |m 2 |o 344.8301133 VAR 2024 |p 5662875 |r 2024-12-13 |s 2024-10-18 |t 2 |v 28998.00 |w 2024-09-30 |y BK |k DER | ||
| 952 | |0 0 |1 0 |2 ddc |4 0 |6 344_830113300000000_VAR_2024 |7 0 |8 A |9 597087 |a BIBDER |b BIBDER |d 2024-09-30 |e 22 |g 28998.00 |i 5662876 |l 1 |o 344.8301133 VAR 2024 |p 5662876 |r 2024-11-11 |s 2024-11-07 |t 3 |v 28998.00 |w 2024-09-30 |y BK |k DER | ||